| 000 | 01394nam a2200313 i 4500 | ||
|---|---|---|---|
| 001 | 66827 | ||
| 003 | ES-MaACL | ||
| 005 | 20250823085843.0 | ||
| 007 | t| | ||
| 008 | 040405s2002 sp ||||1| spa d | ||
| 020 | _a84-00-08107-2 | ||
| 080 | _a008(460:729.5)"19" | ||
| 245 | 0 | 4 |
_aLos lazos de la cultura _b: el Centro de Estudios Históricos de Madrid y la Universidad de Puerto Rico, 1916-1939 / _cConsuelo Naranjo, María Dolores Luque y Miguel Ángel Puig-Samper (editores). |
| 260 |
_aMadrid : _bConsejo Superior de Investigaciones Científicas, Departamento de Historia de América ; _aRío Piedras : _bCentro de Investigaciones Históricas de la Universidad de Puerto Rico, _c2002. |
||
| 300 |
_a412 p. : _bil. ; _c24 cm. |
||
| 490 | 1 |
_aTierra nueva e cielo nuevo ; _v46 |
|
| 504 | _aBibliografía: p. [389]-412. | ||
| 610 | 2 |
_aCentro de Estudios Históricos (1910-1939) _92638 |
|
| 610 | 2 | 4 |
_aUniversidad de Puerto Rico- _vHistoria _97274 |
| 651 | 4 |
_aPuerto Rico- _xRelaciones- _zEspaña. _9171081 |
|
| 651 | 4 |
_aEspaña- _xRelaciones- _zPuerto Rico. _9171082 |
|
| 700 | 1 |
_aNaranjo Orovio, Consuelo _984927 |
|
| 700 | 1 |
_aLuque, María Dolores. _974819 |
|
| 700 | 1 |
_aPuig-Samper, Miguel Ángel. _994278 |
|
| 710 | 2 |
_aUniversidad de Puerto Rico _97273 |
|
| 830 | 1 |
_aTierra nueva e cielo nuevo ; _v46 _9177608 |
|
| 852 |
_aES-MaACL _jL-27279 |
||
| 999 |
_c66827 _d66827 |
||